000 01151nam a2200313 i 4500
003 EG-GICUC
005 20260311212515.0
008 260311s1991 ua ||||fr|||| 00| 0 ara d
040 _a EG-GICUC
_bara
_c EG-GICUC
_d EG-GICUC
_erda
041 _aara
082 0 4 _221
_a343.6
_bح س . و
092 0 4 _221
099 _aLaw1 10 343.6 ح س . و 1991
100 0 _aحسنين ابراهيم صالح عبيد
_eمؤلف.
245 1 2 _aالوجيز فى علم الإجرام والعقاب /
_cتأليف دكتور حسنين ابراهيم صالح عبيد.
264 1 _aالقاهرة :
_bدار النهضة العربية،
_c1991.
300 _a338 صفحة ;
_c24 سم.
336 _2rda content
_atext
337 _2rda media
_aComputer
338 _2rda carrier
_aOnline Resource
504 _aيشتمل على إرجاعات ببليوجرافية..
546 _aالنص باللغة العربية
650 1 _aالقانون الجنائي
650 1 _aعلم الإجرام
650 1 _aعلم العقاب
856 4 0 _uhttps://fll.law.cu.edu.eg/fulltext/bks/B10-07979.pdf
905 _a43
942 _2ddc
_n0
_cBK
_e21
999 _c66144
_d66144